[Event "HUN-chT"]
[Site "HUN"]
[Date "1993.??.??"]
[Round "?"]
[White "Csoke, Adrienn"]
[Black "Bodo, Norbert"]
[Result "0-1"]
[WhiteElo "2210"]
[BlackElo "2275"]

1.e4 g6 2.d4 Bg7 3.Nc3 c6 4.Bc4 d6 5.Qf3 e6 6.Be3 d5 7.Bb3 Nd7 8.Nge2 Ne7
9.h4 b5 10.h5 b4 11.h6 Bf8 12.exd5 cxd5 13.Nd1 Nf5 14.Nf4 Bb7 15.Nd3 Bd6
16.g4 Nxe3 17.Nxe3 Qf6 18.Qxf6 Nxf6 19.g5 Nd7 20.Ba4 Rc8 21.Bxd7+ Kxd7 22.Kd2 Rc7
23.Ng4 Ba6 24.Nde5+ Bxe5 25.Nxe5+ Ke7 26.Rh3 Rhc8 27.c3 bxc3+ 28.Rxc3 Rxc3
29.bxc3 f6 30.gxf6+ Kxf6 31.Nd7+ Kg5 32.Nc5 Rc6 33.Rh1 Bc4 34.a4 e5 35.a5 e4
36.Ke3 Rf6 37.Rh3 Bf1 38.Rh2 Rf3+ 39.Kd2 Bh3 40.c4 dxc4 41.Nxe4+ Kf4 42.Nf6 Ra3
43.Nxh7 c3+ 44.Kc1 Bf5 45.Rh4+ Kf3 46.Ng5+ Ke2 47.Ne4 Kd3 48.Nc5+ Kc4 49.Re4 Bxe4
50.Nxe4 Kxd4 51.h7 Ra1+ 52.Kc2 Rh1 53.Ng5 Kc4  0-1

[Event "HUN-chT2"]
[Site "HUN"]
[Date "1993.??.??"]
[Round "?"]
[White "Keschitz, Gyorgy"]
[Black "Lakos, Nikoletta"]
[Result "0-1"]
[WhiteElo "2290"]
[BlackElo "2215"]

1.e4 g6 2.d4 Bg7 3.Nc3 c6 4.f4 d5 5.e5 h5 6.Nf3 Nh6 7.Bd3 Bf5 8.O-O e6 9.b3 Bf8
10.Ne2 Bxd3 11.Qxd3 Nf5 12.c4 dxc4 13.bxc4 Na6 14.Rd1 h4 15.Rb1 Qc7 16.Ba3 Rd8
17.Bxf8 Kxf8 18.Qb3 Rd7 19.Ng5 Kg7 20.Ne4 Rhd8 21.Qc3 c5 22.d5 exd5 23.Nf6 d4
24.Qf3 Ne3 25.Nxd7 Nxd1 26.e6 Ne3 27.e7 Re8 28.Qxb7 Qxb7 29.Rxb7 Rxe7 30.Nc1 Nxc4
31.Kf2 Nd6 32.Rxa7 Nb8 33.Nxb8 Rxa7 34.Nc6 Rb7 35.Nb3 Rc7 36.Ne5 f6 37.Nf3 Ne4+
38.Ke1 d3 39.Nfd2 Nxd2 40.Kxd2 c4 41.Nc1 Kf7 42.Kc3 Rd7 43.Kd2 c3+ 44.Kd1 d2  0-1

[Event "HUN-chT2"]
[Site "HUN"]
[Date "1993.??.??"]
[Round "?"]
[White "Majdanics, Antal"]
[Black "Puschmann, Laszlo"]
[Result "1/2-1/2"]
[WhiteElo "2240"]
[BlackElo "2350"]

1.e4 g6 2.d4 Bg7 3.Nc3 c6 4.Nf3 d6 5.h3 Nf6 6.Bg5 h6 7.Be3 Qa5 8.Qd2 Nbd7
9.a3 Qc7 10.Bd3 e5 11.O-O-O a6 12.Na4 c5 13.dxe5 dxe5 14.Nc3 b5 15.Bxb5 axb5
16.Nxb5 Qa5 17.Nd6+ Ke7 18.c3 Qc7 19.Nxe5 Nxe5 20.f4 Nfd7 21.Qd5 Ra5 22.fxe5 Nxe5
23.Rhf1 Be6 24.Qb7 Ra7 25.Qxc7+ Rxc7 26.Nb5 Rcc8 27.Na7 Nc4 28.Nxc8+ Rxc8
29.Bf4 g5 30.Bd2 Be5 31.Rf2 Na5 32.Rh1 f6 33.h4 gxh4 34.Bf4 Nc4 35.Rxh4  1/2-1/2

[Event "HUN-chT"]
[Site "HUN"]
[Date "1993.??.??"]
[Round "?"]
[White "Tenyi, Jozsef"]
[Black "Peredy, Ferenc"]
[Result "1/2-1/2"]
[WhiteElo "2275"]
[BlackElo "2235"]

1.e4 g6 2.d4 Bg7 3.Nc3 c6 4.Bc4 b5 5.Bb3 d5 6.exd5 b4 7.Nce2 cxd5 8.Nf3 Nc6
9.Bf4 e6 10.Qd2 a5 11.a3 Bb7 12.axb4 axb4 13.O-O Nge7 14.Ng3 O-O 15.Rxa8 Qxa8
16.Bd6 Qa5 17.Ne5 Re8 18.Re1 Nxe5 19.dxe5 Nc6 20.Qf4 Ra8 21.h4 h5 22.Nf1 Qb6
23.Rd1 Ra5 24.Ne3 Ba6 25.Nxd5 exd5 26.e6 fxe6 27.Bc7 Qb5 28.Re1 Bc8 29.Bxa5 Nxa5
30.Qc7 Bd7 31.Ra1 Nxb3 32.cxb3 Qc6 33.Qd8+ Kf7 34.Ra7 Qc1+ 35.Kh2 Qf4+ 36.Kg1 Qc1+
37.Kh2 Qf4+ 38.Kg1 Qc1+ 39.Kh2 Qf4+ 40.Kg1 Qc1+  1/2-1/2

[Event "HUN-chT"]
[Site "HUN"]
[Date "1993.??.??"]
[Round "?"]
[White "Tenyi, Jozsef"]
[Black "Horvath, Julia"]
[Result "0-1"]
[WhiteElo "2275"]
[BlackElo "2265"]

1.e4 g6 2.d4 Bg7 3.Nc3 c6 4.Nf3 d5 5.Bd3 Bg4 6.Be3 e6 7.O-O Ne7 8.h3 Bxf3
9.Qxf3 O-O 10.Rad1 Nd7 11.Ne2 Qa5 12.a3 e5 13.c4 f5 14.exd5 e4 15.Bxe4 fxe4
16.Qxe4 Rf7 17.dxc6 bxc6 18.Ng3 Qa6 19.Qe6 Nf8 20.Qg4 Qxc4 21.Rfe1 Nf5 22.Ne4 h5
23.Qe2 Qxe2 24.Rxe2 Rd8 25.Rc1 Ne6 26.Ng5 Nxg5 27.Bxg5 Nxd4 28.Re4 Rd5 29.h4 Bf6
30.Rc4 Bxg5 31.hxg5 Rfd7 32.b4 a6 33.Kh2 Kf7 34.Rf4+ Kg7 35.Re4 R5d6 36.Re8 Ne6
37.Rc8 Nxg5 38.R4xc6 Kf6 39.Rf8+ Ke6 40.Rc5 Nf7 41.Ra8 Rb6 42.Ra5 Rdd6 43.g3 Nd8
44.f4 Kf6 45.Kh3 Nf7 46.Rc5 Nh6 47.Rf8+ Kg7 48.Ra8 Rb7 49.Ra5 Ng4 50.R8xa6 Rd2
51.Kh4 Nf6 52.f5 Re7 53.Ra7 Rh2+ 54.Kg5 Nh7+ 55.Kf4 Rf2+  0-1

[Event "HUN-ch (Women)"]
[Site "HUN"]
[Date "1993.??.??"]
[Round "3"]
[White "Grabics, Monika"]
[Black "Lakos, Nikoletta"]
[Result "1-0"]
[WhiteElo "2245"]
[BlackElo "2230"]

1.e4 g6 2.d4 Bg7 3.Nc3 c6 4.Bc4 b5 5.Bb3 b4 6.Nce2 d5 7.exd5 cxd5 8.Nf3 Nc6
9.a3 bxa3 10.Rxa3 e6 11.Ba4 Bd7 12.Bf4 Nge7 13.O-O O-O 14.Qd2 Nf5 15.g4 Nh4
16.Nxh4 Qxh4 17.Rg3 Qe7 18.Bxc6 Bxc6 19.Bh6 Bb5 20.Re1 Bxe2 21.Rxe2 Rfc8
22.Bxg7 Kxg7 23.Rh3 Kg8 24.Qh6 f6 25.Rhe3 Rc6 26.f4 Rb8 27.f5 Qg7 28.Qxg7+ Kxg7
29.fxe6 Kf8 30.e7+ Ke8 31.Rh3 Kd7 32.Rxh7 Re8 33.Kf2 Rb6 34.b3 Rb4 35.h4 Rxd4
36.Kf3 a5 37.h5 gxh5 38.gxh5 a4 39.bxa4 Rxa4 40.h6 Rh4 41.Kg3 Rh1 42.Kg4 Rg8+
43.Kf3 Rf1+ 44.Ke3 Re8 45.Rh2 Re1+ 46.Kd2 Re5 47.Kd3 Rg8 48.Rg7 Rh8 49.h7 Rxe7
50.Rxe7+ Kxe7 51.Kd4 Kd6 52.Rh6 Ke6 53.Rh5 Kf7 54.Kxd5 Kg6 55.Rh2 Rxh7 56.Rxh7 Kxh7
57.c4 Kg6 58.c5 Kf7 59.Kd6  1-0

[Event "HUN-ch (Women)"]
[Site "HUN"]
[Date "1993.??.??"]
[Round "9"]
[White "Madl, Ildiko"]
[Black "Kovacs Pinter, Marta"]
[Result "1-0"]
[WhiteElo "2430"]
[BlackElo "2200"]

1.e4 g6 2.d4 Bg7 3.Nc3 c6 4.Bc4 d6 5.Qf3 e6 6.Nge2 Qe7 7.Bb3 Nd7 8.O-O e5
9.Bg5 Ngf6 10.Rad1 O-O 11.Qe3 Re8 12.f4 h6 13.fxe5 dxe5 14.Bxh6 exd4 15.Nxd4 Nc5
16.Bxg7 Kxg7 17.Rxf6 Qxf6 18.Rf1 Qh4 19.Rxf7+ Kh8 20.Nf3  1-0

[Event "Jakarta Interzonal (Women)"]
[Site "Jakarta"]
[Date "1993.??.??"]
[Round "?"]
[White "Qin Kanying"]
[Black "Semenova, Lidia K"]
[Result "1-0"]
[WhiteElo "2410"]
[BlackElo "2285"]

1.e4 g6 2.d4 Bg7 3.Nc3 c6 4.Nf3 d6 5.a4 a5 6.h3 Nd7 7.Bc4 Nb6 8.Bd3 Nf6 9.O-O O-O
10.Be3 d5 11.e5 Ne8 12.Ne2 Nc7 13.b3 Ne6 14.c4 f6 15.Rc1 Bd7 16.Qc2 Be8 17.Rfe1 Bf7
18.Rb1 Nd7 19.Nf4 Nc7 20.Bd2 fxe5 21.dxe5 Nc5 22.Bf1 N7e6 23.Rbd1 Nxf4 24.Bxf4 Be6
25.Qc1 Bf5 26.Nd4 Ne6 27.Bh6 Nxd4 28.Rxd4 Qb6 29.Rh4 Bxh6 30.Qxh6 Rf7 31.e6 Rg7
32.cxd5 cxd5 33.Qe3 Qxe3 34.Rxe3 Rd8 35.Rd4 Rd6 36.g4 Bxe6 37.Bg2 Kf8 38.Red3 Bg8
39.f4 e6 40.Rc3 Rgd7 41.Rc5 b6 42.Rc8+ Rd8 43.Rc7 Bf7 44.Bf1 R8d7 45.Rc8+ Kg7
46.Kf2 Re7 47.g5 e5 48.fxe5 Rxe5 49.h4 h6 50.gxh6+ Kxh6 51.Rf4 Rf5 52.Rxf5 gxf5
53.Rc7 Bh5 54.Bd3 Bg6 55.Kf3 Bh7 56.Kf4 Bg6 57.Ke5 Rd8 58.Rc6 Re8+ 59.Kxd5 Kh5
60.Rxb6 Re3 61.Kd4 Rg3 62.Rb5 Rg4+ 63.Ke5 Kxh4 64.Bxf5 Rg5 65.Kf6 Bxf5 66.Rxf5 Rg3
67.Rb5 Re3 68.Kf5 Kg3 69.Rxa5 Rxb3 70.Rb5 Ra3 71.a5 Kf3 72.Ke5 Ke3 73.Kd5 Kd3
74.Kc5 Ra1 75.Kb6 Rh1 76.a6 Rh6+ 77.Ka5 Rh7 78.Rb7 Rh1 79.a7 Ra1+ 80.Kb6  1-0

[Event "Jakarta Interzonal (Women)"]
[Site "Jakarta"]
[Date "1993.??.??"]
[Round "?"]
[White "Maric, Mirjana"]
[Black "Semenova, Lidia K"]
[Result "0-1"]
[WhiteElo "2305"]
[BlackElo "2285"]

1.e4 g6 2.d4 Bg7 3.Nc3 c6 4.Be3 d5 5.Qd2 Nf6 6.e5 Ng4 7.Bf4 h5 8.f3 Nh6 9.Nge2 e6
10.O-O-O b5 11.Kb1 Nd7 12.Bg5 Qb6 13.Nf4 a5 14.h3 Nf5 15.g4 Nxd4 16.Qxd4 Qxd4
17.Rxd4 Nxe5 18.Nxb5 cxb5 19.Bxb5+ Kf8 20.gxh5 f6 21.h6 fxg5 22.hxg7+ Kxg7
23.Nd3 Nxf3 24.Ra4 Ra7 25.Kc1 e5 26.Bc6 Be6 27.Nc5 Bf7 28.Bd7 Be8 29.Bxe8 Rxe8
30.Kd1 Rb8 31.Nb3 Rb4 32.Rxa5 Rxa5 33.Nxa5 Rxb2 34.Nb3 Rxa2 35.Ke2 Rxc2+
36.Kxf3 Rc3+ 37.Kg4 Rxb3 38.Kxg5 Rg3+ 39.Kh4 Rf3 40.Kg4 Rf4+ 41.Kg3 g5 42.Ra1 Kf6
43.Ra8 d4 44.Rf8+ Ke6 45.Rd8 Kf5 46.Rf8+ Ke4 47.Rg8 d3 48.Rd8 Ke3 49.Rd5 e4
50.Rxg5 d2 51.Rd5 Rf1  0-1

[Event "Kassel op"]
[Site "Kassel"]
[Date "1993.??.??"]
[Round "6"]
[White "Rechel, Ralf"]
[Black "Koeller, Oliver"]
[Result "1/2-1/2"]
[WhiteElo "2280"]
[BlackElo "2340"]

1.e4 g6 2.d4 Bg7 3.Nc3 c6 4.Bc4 d6 5.Qf3 e6 6.Bf4 Ne7 7.Nge2 d5 8.Bd3 Qb6
9.O-O Na6 10.Bg5 Qc7 11.e5 Nb4 12.Rad1 b6 13.Bf6 O-O 14.Bxg7 Kxg7 15.Qf6+ Kg8
16.a3 Nxd3 17.Rxd3 Nf5 18.g4 Ng7 19.Rh3 Qd8 20.Qf4 g5 21.Qe3 f5 22.exf6 Qxf6
23.f4 Ba6 24.Rff3 Qg6 25.Qd2 Rae8 26.fxg5 Bxe2 27.Nxe2 Qe4 28.Rf4 Rxf4 29.Qxf4 Qxf4
30.Nxf4 e5 31.dxe5 Rxe5 32.g6 hxg6 33.Nxg6 Rg5 34.Ne7+ Kf7 35.Nxc6 Rxg4+
36.Kf2 Ra4 37.Nb4 Ke6 38.Rd3 Ra5 39.Kf3 Rc5 40.c3 Nf5 41.Nc2 Nd6 42.h4 Nc4
43.Kf4 Nxb2 44.Rh3 Nd1 45.h5 Rxc3 46.Rxc3 Nxc3 47.h6 Kf6 48.h7  1/2-1/2

[Event "Katowice op"]
[Site "Katowice"]
[Date "1993.??.??"]
[Round "2"]
[White "Zemerov, Vladimir"]
[Black "Iordachescu, Viorel"]
[Result "1/2-1/2"]
[WhiteElo "2455"]
[BlackElo "2305"]

1.e4 g6 2.d4 Bg7 3.Nc3 c6 4.Be3 d5 5.Qd2 dxe4 6.Nxe4 Nd7 7.Bc4 Ngf6 8.Nxf6+ Nxf6
9.Nf3 Ne4 10.Qe2 Nd6 11.Bb3 a5 12.a4 Bg4 13.h3 Bxf3 14.Qxf3 O-O 15.O-O Nf5
16.c3 Qb6 17.Ra3 Nxe3 18.fxe3 e6 19.Rf2 Rad8 20.Bc4 Rd7 21.Ra1 Qd8 22.Raf1 Qg5
23.Qe4 Rd6 24.h4 Qe7 25.Qg4 f5 26.Qf3 h5 27.e4 Kh7 28.exf5 exf5 29.Re2 Qd8
30.Rfe1 Bf6 31.g3 Rxd4 32.cxd4 Qxd4+ 33.Kh1 Qxc4 34.Qf1 Qxa4 35.Qf3 Qb4 36.b3 Rf7
37.Re6 Bg7 38.Qe3 Qc3 39.Qxc3 Bxc3 40.R1e2 Bb4 41.Kg2 Rd7 42.Re8 Kg7 43.Ra8 Kf6
44.Ra7 g5 45.hxg5+ Kxg5 46.Ra8 Rd3 47.Re6 f4 48.Re5+ Kf6 49.gxf4 h4 50.Rh8 Rg3+
51.Kf2 Rxb3 52.Rh6+ Kg7 53.Rxh4 Bc3 54.Rf5 Kg6 55.Rg5+ Kf7 56.Rh7+ Ke6 57.Rh6+ Ke7
58.f5 a4 59.Rgg6 Rb5 60.Rh7+ Kf8 61.f6 Rf5+ 62.Ke2 a3 63.Rxb7 a2 64.Rh6 Bxf6
65.Rxf6+ Rxf6 66.Ra7 Rh6 67.Kd3 Rh2 68.Kc3 Ke8 69.Kb3 Kd8 70.Rxa2 Rh3+ 71.Kc4 Kc7
72.Rg2  1/2-1/2

[Event "Katowice op"]
[Site "Katowice"]
[Date "1993.??.??"]
[Round "8"]
[White "Bashkov, Viacheslav"]
[Black "Iordachescu, Viorel"]
[Result "0-1"]
[WhiteElo "2450"]
[BlackElo "2305"]

1.e4 g6 2.d4 Bg7 3.Nc3 c6 4.Nf3 d5 5.h3 Nf6 6.e5 Ne4 7.Bd3 Nxc3 8.bxc3 c5
9.dxc5 Nc6 10.Qe2 Qa5 11.Bd2 Qxc5 12.O-O O-O 13.Rab1 e6 14.Rb5 Qe7 15.c4 dxc4
16.Bxc4 Qc7 17.Re1 b6 18.Rbb1 Bb7 19.Bb3 Rad8 20.Bc3 Rd7 21.Qc4 Rc8 22.Qh4 h6
23.Qg3 Ne7 24.Bb2 Nf5 25.Qf4 Rcd8 26.Rbc1 Bc6 27.g4 g5 28.Qc4 b5 29.Qc5 Bf8
30.Qc3 Ne7 31.h4 Qb7 32.Nh2 Ng6 33.hxg5 hxg5 34.Qe3 Be7 35.Rb1 Nf4 36.Nf1 Kg7
37.Ng3 Rh8 38.Red1 Rc7 39.Bd4 Bh1 40.Kf1 Bf3 41.Rdc1 Be2+ 42.Nxe2 Rh1+  0-1

[Event "Katowice op"]
[Site "Katowice"]
[Date "1993.??.??"]
[Round "8"]
[White "Jakubiec, Artur"]
[Black "Magomedov, Magaram"]
[Result "1/2-1/2"]
[WhiteElo "2355"]
[BlackElo "2440"]

1.e4 g6 2.d4 Bg7 3.Nc3 c6 4.Nf3 d5 5.h3 Nf6 6.Bd3 O-O 7.O-O dxe4 8.Nxe4 Nxe4
9.Bxe4 Nd7 10.Re1 Nf6 11.Bd3 Bf5 12.Bf4 Re8 13.c3 Qb6 14.Bxf5 gxf5 15.Qc2 e6
16.Ne5 Nd5 17.Bh2 Qd8 18.c4 Nf6 19.Rad1 Ne4 20.f3 Nf6 21.g4 fxg4 22.hxg4 Nd7
23.Bf4 Nf8 24.Kg2 f6 25.Nd3 Qxd4 26.Rh1 e5 27.Bg3 e4 28.Ne5 exf3+ 29.Kxf3 Qc5
30.b4 Qe7 31.Nd7 Qe3+ 32.Kg2 Qe2+ 33.Qxe2 Rxe2+ 34.Kf3 Rae8 35.Nxf8 Bxf8
36.Rd7 R2e3+ 37.Kg2 R3e7 38.Rhd1 Rxd7 39.Rxd7 Bxb4 40.Rxb7 a5 41.Kf3 Bc5
42.Bf4 a4 43.Rc7 Re6 44.Bh6 Be7 45.Ra7 a3 46.Bc1  1/2-1/2

[Event "Lenk-J"]
[Site "Lenk"]
[Date "1993.??.??"]
[Round "2"]
[White "Leutwyler, Martin"]
[Black "Bigler, Hanspeter"]
[Result "0-1"]
[WhiteElo "2245"]
[BlackElo "2285"]

1.d4 g6 2.e4 Bg7 3.Nc3 c6 4.Nf3 d5 5.h3 Nh6 6.Bf4 f6 7.exd5 cxd5 8.Bxb8 Rxb8
9.Bb5+ Kf8 10.Qe2 Nf7 11.O-O-O Bh6+ 12.Kb1 Kg7 13.g4 e6 14.Nh4 Bd7 15.Bd3 b5
16.Qf1 b4 17.Ne2 e5 18.Ng2 e4 19.Ba6 Qa5 20.Nc1 Bxc1 21.Rxc1 Bb5 22.Bxb5 Rxb5
23.Qe1 Nd6 24.Nf4 Nc4 25.f3 e3 26.Rh2 Re8 27.Rd1 Rb6 28.Nd3 Ra6 29.Nxb4 Rb8
30.a3 Nxa3+ 31.bxa3 Qxa3 32.c3 Rxb4+ 33.cxb4 Qa1+ 34.Kc2 Qa2+  0-1

[Event "Andalucia-chT"]
[Site "Matalascanas"]
[Date "1993.??.??"]
[Round "4"]
[White "Perez Pardo, Juan Carlos"]
[Black "Pastor Pons, Carlos"]
[Result "1-0"]
[WhiteElo "2285"]
[BlackElo "2320"]

1.e4 g6 2.d4 Bg7 3.Nc3 c6 4.Nf3 d6 5.Be2 Nd7 6.O-O Qc7 7.a4 Ngf6 8.h3 O-O
9.Be3 e5 10.dxe5 dxe5 11.Qd2 Nh5 12.Rfd1 Nf4 13.Bf1 Re8 14.a5 Ne6 15.b4 Ndf8
16.Qd6 Qxd6 17.Rxd6 f5 18.a6 b6 19.Rxc6 Nd4 20.Bxd4 exd4 21.Bc4+ Kh8 22.Ng5 h6
23.Nf7+ Kh7 24.Nb5 Bd7 25.Rc7 fxe4 26.Rd1 Bxb5 27.Bxb5 Rec8 28.Re7 Rxc2 29.Nd6 Kh8
30.Ba4 Ra2 31.Bc6 Rb8 32.b5 e3 33.fxe3 dxe3 34.Rxe3 Ra4 35.Re7 Bd4+ 36.Kh2 Bc5
37.Rxa7 Ne6 38.Nf7+ Kg7 39.Nd8+ Kf6 40.Rf7+ Ke5 41.Re1+  1-0

[Event "Matra op"]
[Site "Matra"]
[Date "1993.??.??"]
[Round "?"]
[White "Vajda, Albert"]
[Black "Kopisch, Martin"]
[Result "1-0"]
[WhiteElo "2345"]
[BlackElo "2265"]

1.e4 g6 2.d4 Bg7 3.Nc3 c6 4.Bc4 d6 5.Nf3 e6 6.O-O Ne7 7.d5 cxd5 8.exd5 e5
9.Bb5+ Bd7 10.Be2 O-O 11.Ne4 Bg4 12.h3 Bxf3 13.Bxf3 Na6 14.Be2 Nc7 15.b3 f5
16.Ng5 Qd7 17.Ba3 Rfd8 18.c4 e4 19.h4 h6 20.Nh3 Kh7 21.Rc1 Ng8 22.Qd2 Qe7
23.g3 b6 24.Nf4 Nf6 25.h5 Nxh5 26.Nxh5 gxh5 27.Qf4 Kg6 28.Kg2 Be5 29.Bxh5+ Kg7
30.Qxf5 Qf6 31.Qxe4  1-0

[Event "Mlada Boleslav op"]
[Site "Mlada Boleslav"]
[Date "1993.??.??"]
[Round "?"]
[White "Belaska, Premysl"]
[Black "Tkebuchava, Gocha"]
[Result "1-0"]
[WhiteElo "2255"]
[BlackElo "2375"]

1.e4 c6 2.d4 g6 3.Nc3 Bg7 4.Be2 d6 5.Be3 Nd7 6.Qd2 b5 7.h4 h5 8.Nh3 Nb6 9.b3 a5
10.a4 b4 11.Nd1 d5 12.e5 e6 13.c3 bxc3 14.Qxc3 Bb7 15.Nb2 Nd7 16.Nd3 Nh6
17.Ng5 Nf5 18.g3 Nxe3 19.fxe3 Bh6 20.Nf4 Bxg5 21.hxg5 Qxg5 22.Kf2 h4 23.Rag1 Qe7
24.gxh4 Rxh4 25.Rxh4 Qxh4+ 26.Kg2 Kf8 27.b4 Kg7 28.Rh1 Qg5+ 29.Kf2 Rc8 30.Qb2 Rb8
31.Bd3 Ba8 32.Kf3 c5 33.Bxg6 Nf8 34.Bd3 cxd4 35.exd4 f5 36.Qh2 Qg4+ 37.Ke3  1-0

[Event "Sportland NRW-Cup"]
[Site "Muenster"]
[Date "1993.??.??"]
[Round "1"]
[White "Schaefer, Markus"]
[Black "Telljohann, Sven"]
[Result "1/2-1/2"]
[WhiteElo "2455"]
[BlackElo "2370"]

1.e4 g6 2.d4 Bg7 3.Nc3 c6 4.Nf3 d5 5.h3 Nf6 6.Bd3 dxe4 7.Nxe4 Nxe4 8.Bxe4 Nd7
9.O-O O-O 10.Bg5 Qb6 11.Rb1 Re8 12.c3  1/2-1/2

[Event "Muenster-IM"]
[Site "Muenster"]
[Date "1993.??.??"]
[Round "4"]
[White "Emunds, Hans Georg"]
[Black "Siebrecht, Sebastian"]
[Result "0-1"]
[WhiteElo "2275"]
[BlackElo "2330"]

1.e4 g6 2.d4 Bg7 3.Nc3 c6 4.Nf3 d5 5.h3 dxe4 6.Nxe4 Nd7 7.Bc4 Ngf6 8.Nxf6+ Nxf6
9.O-O O-O 10.Bf4 Nd5 11.Bg3 Bf5 12.Qe2 Qb6 13.c3 Rad8 14.Rad1 Rfe8 15.Ne5 f6
16.Ng4 Kh8 17.Bb3 c5 18.Bxd5 Bxg4 19.hxg4 Rxd5 20.dxc5 Qxc5 21.Qe6 Red8 22.Rxd5 Rxd5
23.Re1 Bf8 24.Bf4 Kg7 25.g5 a6 26.g4 Rd3 27.gxf6+ exf6 28.Be3 Qb5 29.Bd4 Qg5
30.Qd7+ Kh6 31.Kg2 Qf4 32.Rh1+ Kg5 33.Qd5+ Kxg4 34.Qe6+ f5 35.Qe2+ Qf3+ 36.Qxf3+ Rxf3
37.Rxh7 Rd3 38.Rxb7 f4 39.f3+ Rxf3 40.Rf7 Rg3+ 41.Kf2 Bh6 42.Rf6 Kh5 43.b4 g5
44.Rxa6 Rh3 45.b5 g4 46.b6 Rh2+ 47.Kg1 Rb2 48.c4 Rb1+ 49.Kf2 g3+ 50.Kf3 Rf1+
51.Kg2 Rb1 52.Kf3 Rf1+ 53.Kg2 Rb1 54.c5 Kg4 55.Ra3 Rc1 56.b7 Rc2+ 57.Kh1 Bg7
58.b8=Q Rh2+ 59.Kg1 Bxd4+ 60.Kf1 g2+ 61.Ke2 g1=Q+ 62.Kd3 Qe3+ 63.Kc4 Rc2+  0-1

[Event "Muenster op"]
[Site "Muenster"]
[Date "1993.??.??"]
[Round "4"]
[White "Dittmar, Peter"]
[Black "Telljohann, Sven"]
[Result "0-1"]
[WhiteElo "2270"]
[BlackElo "2370"]

1.e4 g6 2.d4 Bg7 3.Nc3 c6 4.Nf3 d5 5.h3 Nf6 6.Bd3 dxe4 7.Nxe4 Nxe4 8.Bxe4 Nd7
9.O-O O-O 10.c3 c5 11.Be3 Qc7 12.Re1 cxd4 13.Nxd4 a6 14.f4 Rd8 15.Qf3 Nf6
16.Bb1 Nd5 17.Bc1 Nxc3 18.bxc3 Rxd4 19.cxd4 Bxd4+ 20.Kh1 Bxa1 21.f5 Bf6 22.fxg6 hxg6
23.Be4 Rb8 24.Bf4 Be5 25.Rc1 Qd6 26.Rd1 Qf6 27.Rd8+ Kg7 28.Bxe5 Qxe5 29.Bxg6 Be6
30.Rxb8 Qxb8 31.Bb1 b5 32.Qe4 Qg3 33.Qh7+ Kf6 34.Qh8+ Qg7 35.Qd8 Ke5 36.Qxe7 Qh6
37.Qc5+ Kf6 38.Qd4+ Ke7 39.Qc5+ Kd7 40.Be4 Qd2 41.Bc6+ Kd8 42.Qb6+ Ke7 43.Qxa6 b4
44.Qa7+ Kf6 45.Qa8 Kg7 46.Bf3 Qxa2 47.Qb8 Qa1+ 48.Kh2 Qd4 49.Qb7 b3 50.Be4 b2
51.g4 Ba2 52.Kg3 Qe3+ 53.Kh4 Qe1+ 54.Kh5 b1=Q 55.Bxb1 Qxb1 56.Qc7 Qh7+ 57.Kg5 Qh6+
58.Kf5 Bb1+ 59.Ke5 Qe3+  0-1

[Event "Sportland NRW-Cup"]
[Site "Muenster"]
[Date "1993.??.??"]
[Round "9"]
[White "Kindermann, Stefan"]
[Black "Telljohann, Sven"]
[Result "1-0"]
[WhiteElo "2520"]
[BlackElo "2370"]

1.e4 g6 2.d4 Bg7 3.Nc3 c6 4.f4 d5 5.e5 h5 6.Nf3 Bg4 7.h3 Bxf3 8.Qxf3 h4 9.f5 gxf5
10.Qxf5 e6 11.Qg4 Bh6 12.Bd3 Nd7 13.Bxh6 Nxh6 14.Qg7 Ke7 15.Qg5+ Ke8 16.Qe3 Qe7
17.O-O Kd8 18.Rf4 Kc7 19.Qf2 Raf8 20.Rf1 a6 21.Ne2 c5 22.c3  1-0

[Event "Sportland NRW-Cup"]
[Site "Muenster"]
[Date "1993.??.??"]
[Round "11"]
[White "Unzicker, Wolfgang"]
[Black "Telljohann, Sven"]
[Result "0-1"]
[WhiteElo "2450"]
[BlackElo "2370"]

1.e4 g6 2.d4 Bg7 3.Nc3 c6 4.Nf3 d5 5.h3 Nf6 6.Bd3 dxe4 7.Nxe4 Nxe4 8.Bxe4 Nd7
9.O-O O-O 10.Be3 Qc7 11.Qd2 f5  0-1

[Event "New York op"]
[Site "New York"]
[Date "1993.??.??"]
[Round "1"]
[White "Rogers, Norman"]
[Black "Ivanov, Alexander"]
[Result "0-1"]
[WhiteElo "2300"]
[BlackElo "2525"]

1.e4 g6 2.d4 Bg7 3.Nc3 c6 4.Nf3 d6 5.Bc4 e6 6.Bg5 Ne7 7.Qd2 h6 8.Be3 b5 9.Bb3 a5
10.a4 b4 11.Ne2 Ba6 12.c3 bxc3 13.bxc3 d5 14.e5 c5 15.dxc5 Nd7 16.O-O Rc8
17.Rfe1 Nxc5 18.Bxc5 Rxc5 19.Ned4 O-O 20.h4 Qc7 21.h5 Rxc3 22.hxg6 Nxg6 23.Bc2 Re8
24.Bxg6 fxg6 25.Rac1 Rc4 26.Rxc4 dxc4  0-1

[Event "New York Enhance"]
[Site "New York"]
[Date "1993.??.??"]
[Round "6"]
[White "Klovsky, Rafail"]
[Black "Sokolin, Leonid M"]
[Result "1/2-1/2"]
[WhiteElo "2365"]
[BlackElo "2430"]

1.d4 g6 2.e4 Bg7 3.Nc3 c6 4.Nf3 d5 5.h3 Nf6 6.e5 Ne4 7.Nxe4 dxe4 8.Ng5 c5
9.e6 Bxe6 10.Nxe6 fxe6 11.dxc5 Qxd1+ 12.Kxd1 O-O 13.Bc4 Nc6 14.Be3 Bxb2 15.Rb1 Rad8+
16.Ke2 Nd4+ 17.Bxd4 Bxd4 18.Rhe1 Bxc5 19.Rxb7 Rd6 20.Rc7 Bb6 21.Rd7 Kf7 22.Rxd6 exd6
23.f3 e3 24.Bd3 Rc8 25.Rb1 d5 26.h4 e5 27.Rb5 Ke6 28.a4 Rc5 29.Rxc5 Bxc5
30.h5 gxh5 31.Bxh7 h4 32.Bg8+ Kd6 33.c3 Bb6 34.Bf7 d4 35.cxd4 Bxd4  1/2-1/2

[Event "NLD-chT"]
[Site "?"]
[Date "1993.??.??"]
[Round "4"]
[White "Van der Poel, Henk"]
[Black "Carlier, Bruno"]
[Result "1-0"]
[WhiteElo "2365"]
[BlackElo "2355"]

1.e4 g6 2.d4 Bg7 3.Nc3 c6 4.f4 d5 5.e5 h5 6.Nf3 Bg4 7.Be2 Nh6 8.Be3 Nd7 9.Bf2 e6
10.g3 Nf5 11.h3 Bxf3 12.Bxf3 h4 13.g4 Ng3 14.Bxg3 hxg3 15.Ne2 Qb6 16.b3 Bf8
17.c3 c5 18.Kf1 cxd4 19.cxd4 Ba3 20.g5 Nb8 21.Kg2 Nc6 22.Rb1 Nb4 23.h4 Rc8
24.h5 gxh5 25.Rxh5 Ke7 26.Qh1 Rxh5 27.Qxh5 Qc6 28.g6 Qc2 29.Qg5+ Kd7 30.Rh1 Qxg6
31.Qxg6 fxg6 32.Rh7+ Ke8 33.Rxb7 a6 34.Rg7 Nxa2 35.Rxg6 Kd7 36.f5 exf5 37.Rxa6 Nc1
38.Rxa3 Rc2 39.Ra7+ Ke8 40.Kxg3 Nxe2+ 41.Bxe2 Rxe2 42.Kf4 Re4+ 43.Kxf5 Rxd4
44.Ke6 Kf8 45.Kd7 Rb4 46.Ra8+ Kg7 47.e6 Kf6 48.Rf8+ Ke5 49.e7 Rb7+ 50.Kd8 Kd6
51.Rf6+  1-0

[Event "Odorheiu Secuiesc-B"]
[Site "Odorheiu Secuiesc"]
[Date "1993.??.??"]
[Round "1"]
[White "Zetocha, Claudiu"]
[Black "Itkis, Boris"]
[Result "1/2-1/2"]
[WhiteElo "2300"]
[BlackElo "2430"]

1.e4 g6 2.d4 Bg7 3.Nc3 c6 4.Nf3 d6 5.Be2 Nf6 6.O-O O-O 7.Bg5 h6 8.Bf4 Nbd7
9.Qd2 Kh7 10.Rad1 Qa5 11.h3 e5 12.Be3 Qc7 13.a4 Re8 14.dxe5 dxe5 15.Bc4 Nb6
16.Bb3 Be6 17.Bxe6 Rxe6 18.Qe2 a5 19.Nd2 Nh5  1/2-1/2

[Event "Odorheiu Secuiesc-B"]
[Site "Odorheiu Secuiesc"]
[Date "1993.??.??"]
[Round "5"]
[White "Vajda, Albert"]
[Black "Itkis, Boris"]
[Result "0-1"]
[WhiteElo "2180"]
[BlackElo "2430"]

1.e4 g6 2.d4 Bg7 3.Nc3 c6 4.a4 d5 5.exd5 cxd5 6.Nf3 a6 7.Be2 Nc6 8.O-O Nh6
9.Bf4 Nf5 10.Be5 Nxe5 11.dxe5 e6 12.Bd3 Ne7 13.Qe2 Nc6 14.Rfe1 O-O 15.h4 Qb6
16.Rab1 Qb4 17.Qd2 Nd4 18.Nh2 Nc6 19.Nf3 Bd7 20.h5 h6 21.g3 gxh5 22.Kg2 f6
23.exf6 Rxf6 24.Nh4 e5 25.Be2 Be6 26.Bxh5 d4 27.Ne4 Qxd2 28.Nxd2 Nb4 29.Kg1 Nxc2
30.Rxe5 Bf7 31.Bxf7+ Rxf7 32.Rd5 Nb4 33.Rd6 Re8 34.Nb3 d3 35.Nd4 Bf8 36.Rg6+ Kh7
37.Rd1 Re4 38.Ndf5 Rxf5 39.Rxh6+ Bxh6 40.Nxf5 d2  0-1

[Event "Odorheiu Secuiesc-B"]
[Site "Odorheiu Secuiesc"]
[Date "1993.??.??"]
[Round "6"]
[White "Komliakov, Viktor"]
[Black "Itkis, Boris"]
[Result "1/2-1/2"]
[WhiteElo "2440"]
[BlackElo "2430"]

1.e4 g6 2.d4 Bg7 3.Nc3 c6 4.Nf3 d6 5.Be2 Nf6 6.O-O O-O 7.Re1 Qb6 8.h3 Nbd7
9.a3 e5 10.dxe5 dxe5 11.Be3 Qc7 12.Qd2  1/2-1/2

[Event "Odorheiu Secuiesc op"]
[Site "Odorheiu Secuiesc"]
[Date "1993.??.??"]
[Round "10"]
[White "Vlad, Decebal"]
[Black "Ciobanu, Aurelian"]
[Result "1/2-1/2"]
[WhiteElo "2405"]
[BlackElo "2265"]

1.e4 g6 2.d4 Bg7 3.Nc3 c6 4.Bc4 d6 5.Qf3 e6 6.Nge2 Nd7 7.Bf4 Qe7 8.Bb3 e5
9.dxe5 dxe5 10.Be3 Ngf6 11.g4 Nf8 12.g5 N6d7 13.h4 Ne6 14.O-O-O Ndc5 15.Ng3 Nd4
16.Bxd4 exd4 17.Nce2 Nxb3+ 18.axb3 a5 19.Nxd4 a4 20.bxa4 Rxa4 21.c3 Qc5 22.Nge2 O-O
23.Qe3 b5 24.f4 b4 25.e5 bxc3 26.Nxc3 Bg4 27.Kb1 Bxd1 28.Rxd1 Rb4 29.Ne4 Rxb2+
30.Kxb2 Rb8+ 31.Qb3 Rxb3+ 32.Nxb3 Qb6 33.Rd7 h5 34.Kc2 Qb4 35.Nbc5 Bf8 36.Nf6+ Kh8
37.Nd3 Qc4+ 38.Kd2 c5 39.Rd8 Kg7 40.Ne8+ Kg8  1/2-1/2

[Event "Oviedo rapid"]
[Site "Oviedo"]
[Date "1993.??.??"]
[Round "3"]
[White "Sion Castro, Marcelino"]
[Black "Minasian, Artashes"]
[Result "1/2-1/2"]
[WhiteElo "2385"]
[BlackElo "2535"]

1.e4 g6 2.d4 Bg7 3.Nc3 c6 4.Nf3 d5 5.h3 Nh6 6.Bd3 O-O 7.O-O dxe4 8.Nxe4 Nf5
9.c3 Nd7 10.Bf4 Nf6 11.Nxf6+ Bxf6 12.Qc2 Ng7 13.Ne5 c5 14.dxc5 Ne6 15.Bh2 Nxc5
16.Bc4 Bf5 17.Qe2 Qb6 18.Rad1 Rac8 19.Rfe1 Kg7 20.Bf4 Ne6 21.Bg3 Nd8 22.Bb3 Nc6
23.Nd7 Bxd7 24.Rxd7 Rfd8 25.Red1 Rxd7 26.Rxd7  1/2-1/2

[Event "Oviedo rapid"]
[Site "Oviedo"]
[Date "1993.??.??"]
[Round "12"]
[White "Westerinen, Heikki MJ"]
[Black "Tseshkovsky, Vitaly"]
[Result "0-1"]
[WhiteElo "2385"]
[BlackElo "2495"]

1.e4 g6 2.d4 Bg7 3.Nc3 c6 4.f4 d5 5.e5 Nh6 6.Nf3 f6 7.Bd3 Bg4 8.Be3 O-O 9.O-O fxe5
10.fxe5 c5 11.dxc5 Nc6 12.Bb5 Bxf3 13.Rxf3 e6 14.Bxc6 bxc6 15.Rxf8+ Qxf8
16.Bd4 Nf5 17.Qd3 Nxd4 18.Qxd4 Qf5 19.Re1 Rf8 20.h3 Qxc2 21.Ne2 Bh6 22.Kh1 Qf5
23.b4 Bg7 24.Nc3 Qg5 25.b5 Qg3  0-1